<?xml version="1.0" encoding="UTF-8"?>
<marc:record xmlns:marc="http://www.loc.gov/MARC21/slim">
   <marc:leader>00000nam a2200000 a 4500</marc:leader>
   <marc:datafield ind1="1" ind2=" " tag="100">
      <marc:subfield code="a">Farley, Walter</marc:subfield>
      <marc:subfield code="4">aut</marc:subfield>
      <marc:subfield code="e">Verfasser/-in</marc:subfield>
   </marc:datafield>
   <marc:datafield ind1="0" ind2="0" tag="245">
      <marc:subfield code="a">Blitz, der schwarze Hengst kehrt zurück</marc:subfield>
   </marc:datafield>
   <marc:datafield ind1="0" ind2="0" tag="245">
      <marc:subfield code="c">Farley, Walter</marc:subfield>
   </marc:datafield>
   <marc:datafield ind1=" " ind2="1" tag="264">
      <marc:subfield code="a">Münster</marc:subfield>
      <marc:subfield code="b">Coppenrath</marc:subfield>
   </marc:datafield>
   <marc:datafield ind1="1" ind2=" " tag="520">
      <marc:subfield code="a">Angaben aus der Verlagsmeldung

Blitz (Bd. 2) : Der schwarze Hengst kehrt zurück / von Walter Farley

Alec kann sich nicht mehr vorstellen, ohne seinen Araberhengst Blitz zu sein. Er hat sich das Vertrauen des Pferdes erkämpft, gemeinsam haben sie so viel durchgestanden. Doch dann taucht plötzlich der rechtmäßige Besitzer von Blitz auf, Scheich Abu ben Isaak, und nimmt den talentierten Hengst wieder mit in seine Heimat. Alec ist am Boden zerstört, aber er gibt noch nicht auf: Und wenn er Blitz durch alle arabischen Wüsten folgen muss – niemand darf sie je wieder trennen!
</marc:subfield>
   </marc:datafield>
   <marc:datafield ind1=" " ind2=" " tag="020">
      <marc:subfield code="a">9783649625438</marc:subfield>
      <marc:subfield code="9">9783649625438</marc:subfield>
   </marc:datafield>
   <marc:datafield ind1=" " ind2=" " tag="020">
      <marc:subfield code="a">3649625431</marc:subfield>
      <marc:subfield code="9">3649625431</marc:subfield>
   </marc:datafield>
   <marc:datafield ind1=" " ind2=" " tag="041">
      <marc:subfield code="a">ger</marc:subfield>
   </marc:datafield>
   <marc:datafield ind1=" " ind2=" " tag="300">
      <marc:subfield code="a">218 Seiten</marc:subfield>
   </marc:datafield>
</marc:record>
